Социально-педагогические детерминанты развития двигательной активности растущего человека (Запись № 12542975)
[ простой вид ]
| 000 -МАРКЕР | |
|---|---|
| контрольное поле | 03794nam0a2200493 4500 |
| 001 - ИДЕНТИФИКАТОР ЗАПИСИ | |
| контрольное поле | RU\NLR\BIBL_A\012888409 |
| 005 - ИДЕНТИФИКАТОР ВЕРСИИ | |
| контрольное поле | 20221130111235.0 |
| 010 ## - МЕЖДУНАРОДНЫЙ СТАНДАРТНЫЙ НОМЕР КНИГИ (ISBN) | |
| Номер (ISBN) | 978-5-6044545-9-6 |
| Тираж | 500 |
| 021 ## - НОМЕР ГОСУДАРСТВЕННОЙ РЕГИСТРАЦИИ | |
| Код страны | Российская Федерация |
| Номер | КН-П-22-047645 |
| Номер Листа государственной регистраци | КН-П-22-4119 |
| 035 ## - ДРУГИЕ СИСТЕМНЫЕ НОМЕРА | |
| Идентификатор записи | (NLR Aleph) 012888409 |
| 035 ## - ДРУГИЕ СИСТЕМНЫЕ НОМЕРА | |
| Идентификатор записи | (RuMoRGB)011149809 |
| 100 ## - ДАННЫЕ ОБЩЕЙ ОБРАБОТКИ | |
| Данные общей обработки | 20220914d2020 k y0rusy50 ca |
| 101 0# - ЯЗЫК РЕСУРСА | |
| Язык текста, звукозаписи и т.д. | русский |
| 102 ## - СТРАНА ПУБЛИКАЦИИ ИЛИ ПРОИЗВОДСТВА | |
| Страна публикации | Российская Федерация |
| 105 ## - ПОЛЕ КОДИРОВАННЫХ ДАННЫХ: ТЕКСТОВЫЕ МАТЕРИАЛЫ, МОНОГРАФИЧЕСКИЕ | |
| Кодированные данные о монографическом текстовом документе | a z 000zy |
| 181 #0 - ПОЛЕ КОДИРОВАННЫХ ДАННЫХ: ВИД СОДЕРЖАНИЯ | |
| Код вида содержания (ISBD) | i3 |
| Код характеристики содержания (ISBD) | axxe |
| 182 #0 - ПОЛЕ КОДИРОВАННЫХ ДАННЫХ: ТИП СРЕДСТВА | |
| Код типа средства (ISBD) | n - непосредственное |
| 200 1# - ЗАГЛАВИЕ И СВЕДЕНИЯ ОБ ОТВЕТСТВЕННОСТИ | |
| Основное заглавие | Социально-педагогические детерминанты развития двигательной активности растущего человека |
| Сведения, относящиеся к заглавию | монография |
| Первые сведения об ответственности | Бусловская Л. К., Волошина Л. Н., Гавришова Е. В. [и др.] |
| Последующие сведения об ответственности | под общей редакцией доктора педагогических наук, профессора Волошиной Л. Н. [и др.] |
| -- | ФГАОУ ВО "Белгородский государственный национальный исследовательский университет" (НИУ "БелГУ") |
| 203 ## - ВИД СОДЕРЖАНИЯ И ТИП СРЕДСТВА | |
| Вид содержания | Текст |
| Дополнительные сведения об издании | визуальный |
| Тип средства | непосредственный |
| 210 ## - ПУБЛИКАЦИЯ, РАСПРОСТРАНЕНИЕ И ДР. | |
| Место издания, распространения и т.д. | Белгород |
| Имя издателя, распространителя и т. д. | Литературный караван |
| Дата издания, распространения и т.д. | 2020 |
| 215 ## - ФИЗИЧЕСКАЯ ХАРАКТЕРИСТИКА | |
| Специфическое обозначение материала и объем | 165 с. |
| Другие сведения о физической характеристике | ил., табл. |
| Размеры | 21 |
| 300 ## - ОБЩИЕ ПРИМЕЧАНИЯ | |
| Текст примечания | Авт. указаны на обороте тит. с. |
| 300 ## - ОБЩИЕ ПРИМЕЧАНИЯ | |
| Текст примечания | На 164-й с. авт.: Бусловская Л. К., д-р биол. наук, проф., Волошина Л. Н., д-р пед. наук, проф., Гавришова Е. В., канд. пед. наук, доц. [и др.] |
| 320 ## - ПРИМЕЧАНИЯ О НАЛИЧИИ В ДОКУМЕНТЕ БИБЛИОГРАФИИ / УКАЗАТЕЛЯ | |
| Текст примечания | Библиогр. в конце разделов |
| 330 ## - РЕЗЮМЕ ИЛИ РЕФЕРАТ | |
| Текст примечания | B монографии представлены социально-педагогические детерминанты, культурно-преобразовательный характер двигательной активности растущего человека. Приводятся результаты исследований стимулирующего влияния социально-педагогических детерминант на двигательную активность дошкольников и младших школьников. Монография представляет интерес для аспирантов, студентов, преподавателей педагогических вузов и педагогов, работающих в сфере дошкольного и начального общего образования |
| 606 1# - НАИМЕНОВАНИЕ ТЕМЫ КАК ПРЕДМЕТ | |
| Наименование темы | Дошкольники |
| Тематический подзаголовок | Физическое воспитание |
| Системный номер авторитетной/нормативной записи | 1157227 |
| Идентификатор авторитетной/нормативной записи | RU\NLR\AUTH\66462627 |
| 606 1# - НАИМЕНОВАНИЕ ТЕМЫ КАК ПРЕДМЕТ | |
| Наименование темы | Дети младшего школьного возраста |
| Тематический подзаголовок | Физическое воспитание |
| Системный номер авторитетной/нормативной записи | 2550209 |
| Идентификатор авторитетной/нормативной записи | RU\NLR\AUTH\661509113 |
| 606 1# - НАИМЕНОВАНИЕ ТЕМЫ КАК ПРЕДМЕТ | |
| Наименование темы | Дети |
| Тематический подзаголовок | Двигательная активность |
| Системный номер авторитетной/нормативной записи | 2245601 |
| Идентификатор авторитетной/нормативной записи | RU\NLR\AUTH\661347222 |
| 675 ## - УНИВЕРСАЛЬНАЯ ДЕСЯТИЧНАЯ КЛАССИФИКАЦИЯ (UDC/УДК) | |
| Индекс | 373.3.037.1 |
| Издание | 4 |
| 686 1# - ИНДЕКСЫ ДРУГИХ КЛАССИФИКАЦИЙ | |
| Индекс | Ч411.354 |
| 686 1# - ИНДЕКСЫ ДРУГИХ КЛАССИФИКАЦИЙ | |
| Индекс | Ч421.354,01 |
| 686 1# - ИНДЕКСЫ ДРУГИХ КЛАССИФИКАЦИЙ | |
| Индекс | Р731.15 |
| 701 #1 - ИМЯ ЛИЦА - АЛЬТЕРНАТИВНАЯ ОТВЕТСТВЕННОСТЬ | |
| Начальный элемент ввода | Бусловская |
| Часть имени, кроме начального элемента ввода | Л. К. |
| Расширение инициалов личного имени | Людмила Константиновна |
| 701 #1 - ИМЯ ЛИЦА - АЛЬТЕРНАТИВНАЯ ОТВЕТСТВЕННОСТЬ | |
| Начальный элемент ввода | Волошина |
| Часть имени, кроме начального элемента ввода | Л. Н. |
| Расширение инициалов личного имени | Людмила Николаевна |
| 701 #1 - ИМЯ ЛИЦА - АЛЬТЕРНАТИВНАЯ ОТВЕТСТВЕННОСТЬ | |
| Начальный элемент ввода | Гавришова |
| Часть имени, кроме начального элемента ввода | Е. В. |
| Расширение инициалов личного имени | Елена Владимировна |
| 702 #1 - ИМЯ ЛИЦА - ВТОРИЧНАЯ ОТВЕТСТВЕННОСТЬ | |
| Начальный элемент ввода | Волошина |
| Часть имени, кроме начального элемента ввода | Л. Н. |
| Расширение инициалов личного имени | Людмила Николаевна |
| Код отношения | Редактор |
| 712 02 - НАИМЕНОВАНИЕ ОРГАНИЗАЦИИ - ВТОРИЧНАЯ ОТВЕТСТВЕННОСТЬ | |
| Код отношения | Прочие |
| Начальный элемент ввода | Белгородский государственный национальный исследовательский университет |
| Системный номер авторитетной/нормативной записи | 283545 |
| Идентификатор авторитетной/нормативной записи | RU\NLR\AUTH\8810197260 |
| 942 ## - ДОПОЛНИТЕЛЬНЫЕ ЭЛЕМЕНТЫ ЗАПИСИ (АБИС) | |
| Тип экземпляра АБИС | Книга |
| 980 ## - КОЛЛЕКЦИЯ | |
| Название коллекции | НБР |
| 980 ## - КОЛЛЕКЦИЯ | |
| Название коллекции | Национальная библиография |
Нет доступных экземпляров.